Bioinorganic chemistry : (Record no. 5783)
[ view plain ]
| 000 -LEADER | |
|---|---|
| fixed length control field | 02191cam a22004334a 4500 |
| 001 - CONTROL NUMBER | |
| control field | 5783 |
| 003 - CONTROL NUMBER IDENTIFIER | |
| control field | BD-DhEWU |
| 005 - DATE AND TIME OF LATEST TRANSACTION | |
| control field | 20190203112807.0 |
| 008 - FIXED-LENGTH DATA ELEMENTS--GENERAL INFORMATION | |
| fixed length control field | 080225s2007 njuaf g b 001 0 eng d |
| 020 ## - INTERNATIONAL STANDARD BOOK NUMBER | |
| International Standard Book Number | 9780471761136 (pbk.) |
| International Standard Book Number | 0471761133 (pbk.) |
| International Standard Book Number | 0471761133 |
| 035 ## - SYSTEM CONTROL NUMBER | |
| System control number | (OCoLC)126230917 |
| 040 ## - CATALOGING SOURCE | |
| Original cataloging agency | DNLM/DLC |
| Transcribing agency | DLC |
| Modifying agency | NLM |
| -- | BAKER |
| -- | BTCTA |
| -- | YDXCP |
| -- | C#P |
| -- | DLC |
| -- | BD-DhEWU |
| Language of cataloging | eng |
| 041 ## - LANGUAGE CODE | |
| Language code of text/sound track or separate title | eng |
| 050 00 - LIBRARY OF CONGRESS CALL NUMBER | |
| Classification number | QP531 |
| Item number | .R63 2007 |
| 060 00 - NATIONAL LIBRARY OF MEDICINE CALL NUMBER | |
| Classification number | 2007 L-397 |
| Classification number | QU 130 |
| Item number | B614407 2007 |
| 082 04 - DEWEY DECIMAL CLASSIFICATION NUMBER | |
| Classification number | 572.51 |
| Edition number | |
| Item number | ROB 2007 |
| 100 1# - MAIN ENTRY--PERSONAL NAME | |
| Personal name | Roat-Malone, Rosette M. |
| 9 (RLIN) | 7603 |
| 245 10 - TITLE STATEMENT | |
| Title | Bioinorganic chemistry : |
| Remainder of title | a short course / |
| Statement of responsibility, etc | Rosette M. Roat-Malone. |
| 250 ## - EDITION STATEMENT | |
| Edition statement | 2nd ed. |
| 260 ## - PUBLICATION, DISTRIBUTION, ETC. (IMPRINT) | |
| Place of publication, distribution, etc | Hoboken, N.J. : |
| Name of publisher, distributor, etc | Wiley-Interscience, |
| Date of publication, distribution, etc | c2007. |
| 300 ## - PHYSICAL DESCRIPTION | |
| Extent | xix, 501 p. : |
| Other physical details | ill. ; |
| Dimensions | 23 cm. |
| 504 ## - BIBLIOGRAPHY, ETC. NOTE | |
| Bibliography, etc | Includes bibliographical references and index. |
| 505 ## - FORMATTED CONTENTS NOTE | |
| Formatted contents note | Inorganic chemistry essentials -- Biochemistry fundamentals -- Instrumental methods -- Computer hardware, software, and computational chemistry methods -- Group I and II metals in biological systems : homeostasis and group I biomolecules -- Group I and II metals in biological systems : group II -- Iron-containing proteins and enzymes. |
| 520 ## - SUMMARY, ETC. | |
| Summary, etc | "Bioinorganic Chemistry: A Short Course, Second Edition provides the fundamentals of inorganic chemistry and biochemistry relevant to understanding bioinorganic topics. Rather than striving to provide a broad overview of the whole, rapidly expanding field, this resource provides essential background material, followed by detailed information on selected topics. The goal is to give readers the background, tools, and Read more... |
| 526 ## - STUDY PROGRAM INFORMATION NOTE | |
| Program name | Pharmacy |
| 590 ## - LOCAL NOTE (RLIN) | |
| Local note | Saifun Momota |
| 650 #0 - SUBJECT ADDED ENTRY--TOPICAL TERM | |
| Topical term or geographic name as entry element | Bioinorganic chemistry. |
| 9 (RLIN) | 7604 |
| Topical term or geographic name as entry element | Biochemistry. |
| 9 (RLIN) | 7605 |
| 856 42 - ELECTRONIC LOCATION AND ACCESS | |
| Materials specified | WorldCat details |
| Uniform Resource Identifier | http://www.worldcat.org/title/bioinorganic-chemistry-a-short-course/oclc/126230917&referer=brief_results |
| Materials specified | E-book Fulltext |
| Uniform Resource Identifier | http://lib.ewubd.edu/ebook/5783 |
| 942 ## - ADDED ENTRY ELEMENTS (KOHA) | |
| Source of classification or shelving scheme | Dewey Decimal Classification |
| Koha item type | Text |
| Withdrawn status | Lost status | Source of classification or shelving scheme | Damaged status | Not for loan | Collection code | Home library | Current library | Shelving location | Date acquired | Source of acquisition | Cost, normal purchase price | Total Checkouts | Full call number | Barcode | Copy number | Koha item type | Date last seen | Date checked out |
|---|---|---|---|---|---|---|---|---|---|---|---|---|---|---|---|---|---|---|
| Dewey Decimal Classification | Not For Loan | Non-fiction | Dr. S. R. Lasker Library, EWU | Dr. S. R. Lasker Library, EWU | Reserve Section | 25/02/2008 | Royal Taj Enterprise | 639.00 | 572.51 ROB 2007 | 21627 | C-2 | Text | ||||||
| Dewey Decimal Classification | Non-fiction | Dr. S. R. Lasker Library, EWU | Dr. S. R. Lasker Library, EWU | Circulation Section | 25/02/2008 | Royal Taj Enterprise | 639.00 | 572.51 ROB 2007 | 6067-21629 | C-4 | Text | |||||||
| Dewey Decimal Classification | Non-fiction | Dr. S. R. Lasker Library, EWU | Dr. S. R. Lasker Library, EWU | Circulation Section | 25/02/2008 | Royal Taj Enterprise | 639.00 | 572.51 ROB 2007 | 21630 | C-5 | Text | |||||||
| Dewey Decimal Classification | Non-fiction | Dr. S. R. Lasker Library, EWU | Dr. S. R. Lasker Library, EWU | Circulation Section | 25/02/2008 | Royal Taj Enterprise | 639.00 | 572.51 ROB 2007 | 21634 | C-9 | Text | |||||||
| Dewey Decimal Classification | Non-fiction | Dr. S. R. Lasker Library, EWU | Dr. S. R. Lasker Library, EWU | Circulation Section | 25/02/2008 | Royal Taj Enterprise | 639.00 | 572.51 ROB 2007 | 21635 | C-10 | Text | |||||||
| Dewey Decimal Classification | Not For Loan | Non-fiction | Dr. S. R. Lasker Library, EWU | Dr. S. R. Lasker Library, EWU | Reserve Section | 25/02/2008 | Essence Science Publications | 7878.00 | 572.51 ROB 2007 | 21626 | C-1 | Text | ||||||
| Dewey Decimal Classification | Non-fiction | Dr. S. R. Lasker Library, EWU | Dr. S. R. Lasker Library, EWU | Circulation Section | 25/02/2008 | Royal Taj Enterprise | 639.00 | 572.51 ROB 2007 | 21628 | C-3 | Text | |||||||
| Dewey Decimal Classification | Non-fiction | Dr. S. R. Lasker Library, EWU | Dr. S. R. Lasker Library, EWU | Circulation Section | 25/02/2008 | Royal Taj Enterprise | 639.00 | 1 | 572.51 ROB 2007 | 21631 | C-6 | Text | 10/11/2025 | 29/10/2025 | ||||
| Dewey Decimal Classification | Non-fiction | Dr. S. R. Lasker Library, EWU | Dr. S. R. Lasker Library, EWU | Circulation Section | 25/02/2008 | Royal Taj Enterprise | 639.00 | 572.51 ROB 2007 | 21632 | C-7 | Text | |||||||
| Dewey Decimal Classification | Non-fiction | Dr. S. R. Lasker Library, EWU | Dr. S. R. Lasker Library, EWU | Circulation Section | 25/02/2008 | Royal Taj Enterprise | 639.00 | 572.51 ROB 2007 | 21633 | C-8 | Text | |||||||
| Dewey Decimal Classification | Non-fiction | Dr. S. R. Lasker Library, EWU | Dr. S. R. Lasker Library, EWU | E-book | 10/12/2017 | 572.51 ROB 2007 | E-Book | 10/12/2017 |